境内全国特色景观旅游名镇(村)达到2个的直辖市和地级行政区 - Statistics

General Stats
  • This quiz has been taken 11 times
  • The average score is 14 of 42
Answer Stats
数量 地点 % Correct
10个 苏州市
100%
9个 北京市
100%
9个 重庆市
91%
4个 无锡市
91%
2个 上海市
91%
2个 成都市
82%
2个 天津市
82%
3个 洛阳市
55%
2个 昆明市
55%
2个 黄山市
45%
2个 丽江市
45%
2个 漳州市
45%
5个 南阳市
36%
4个 龙岩市
36%
3个 晋城市
36%
3个 晋中市
36%
2个 柳州市
36%
4个 桂林市
27%
3个 运城市
27%
2个 上饶市
27%
2个 泰州市
27%
2个 宜春市
27%
3个 潍坊市
18%
2个 东莞市
18%
2个 红河州
18%
2个 南充市
18%
2个 唐山市
18%
2个 宣城市
18%
2个 张家口市
18%
4个 巴音郭楞州
9%
3个 赤峰市
9%
3个 伊犁州
9%
2个 佳木斯市
9%
2个 吉安市
9%
2个 泸州市
9%
2个 西双版纳州
9%
3个 延边州
0%
2个 昌吉州
0%
2个 吉林市
0%
2个 通化市
0%
2个 威海市
0%
2个 枣庄市
0%
No matching quizzes found
Score Distribution
Percent of People with Each Score
Percentile by Number Answered
Your Score History
You have not taken this quiz